| 000 | 01023nam a2200265Ia 4500 | ||
|---|---|---|---|
| 003 | OSt | ||
| 005 | 20220923211302.0 | ||
| 006 | a|||||r|||| 00| 0 | ||
| 007 | ta | ||
| 008 | 220922b |||||||| |||| 00| 0 hin d | ||
| 020 |
_a9788179171349 (hbk) _c450 |
||
| 024 | _a245,249 | ||
| 037 |
_b372, 11/02/2011, Swaraj Prakashan _cTextual |
||
| 040 |
_aARTS _cARTS _bhin |
||
| 041 |
_2hin _ahin |
||
| 082 | _a4,1, 152Q0 | ||
| 100 |
_aशिलर, हरबर्ट आई.; मिश्र, वंदना, अनु. _9160164 |
||
| 245 | 0 | _aबुद्धि के व्यवस्थापक | |
| 246 | _aBuddhi ke vyavasthāpaka | ||
| 260 |
_aनई दिल्ली _b ग्रंथ शिल्पी _c2010 |
||
| 300 |
_a231पृ. _ccm. |
||
| 650 | _aहिन्दी पत्रकारिता | ||
| 942 |
_h4,1, 152Q0 _cTEXL _2CC |
||
| 999 |
_c298131 _d298131 |
||